[Event "Hastings Challengers 1988/89"]
[Site "Hastings"]
[Date "1988.12.28"]
[Round "1"]
[White "Dive, Russell John"]
[Black "Sadler, Matthew D"]
[Result "0-1"]
[WhiteElo "2265"]
[BlackElo "2385"]
[PlyCount "98"]
[EventDate "1988.12.28"]
[EventType "swiss"]
[EventRounds "10"]
[EventCountry "ENG"]
[SourceTitle "BritBase"]
[Source "John Saunders"]
[SourceDate "2023.05.21"]
[SourceVersion "1"]
[SourceVersionDate "2023.05.21"]
[SourceQuality "1"]

1. d4 d5 2. c4 dxc4 3. Nf3 a6 4. a4 Nf6 5. Nc3 e6 6. Bg5 Nc6 7. e4 Na5 8. Qc2
h6 9. Be3 c6 10. Ne5 b5 11. g3 Bb7 12. Bg2 Be7 13. O-O O-O 14. f4 Nd7 15. Rad1
Nxe5 16. dxe5 Qc7 17. Qf2 Nb3 18. Kh1 b4 19. Bb6 Qb8 20. Nb1 c5 21. Nd2 Nxd2
22. Rxd2 Qc8 23. a5 Qc6 24. Rfd1 Rac8 25. Rd7 Rfe8 26. Qc2 c3 27. bxc3 c4 28.
cxb4 Bxb4 29. R7d4 Bf8 30. Bf1 c3 31. Rc1 Ba3 32. Rcd1 Bb2 33. h4 Rf8 34. Kh2
g6 35. h5 gxh5 36. Bg2 Kh7 37. Rd7 Ba8 38. R1d6 Qc4 39. Rd4 Qb5 40. Ra7 Rc4 41.
Rdd7 Kg8 42. Bf1 Bxe4 43. Bd3 Qa4 44. Qe2 c2 45. Bxe4 c1=Q 46. Qxh5 Rc2+ 47.
Bg2 Qe4 48. Qg4+ Kh8 49. Qh3 Qf1 0-1

[Event "Hastings Challengers 1988/89"]
[Site "Hastings"]
[Date "1988.12.28"]
[Round "1"]
[White "Gufeld, Eduard"]
[Black "Burgess, Graham"]
[Result "1-0"]
[WhiteElo "2510"]
[BlackElo "2280"]
[PlyCount "45"]
[EventDate "1988.12.28"]
[EventType "swiss"]
[EventRounds "10"]
[EventCountry "ENG"]
[SourceTitle "BritBase"]
[Source "John Saunders"]
[SourceDate "2023.05.21"]
[SourceVersion "1"]
[SourceVersionDate "2023.05.21"]
[SourceQuality "1"]

1. Nf3 Nf6 2. g3 g6 3. Bg2 Bg7 4. O-O O-O 5. c4 d6 6. Nc3 Nc6 7. Rb1 e5 8. b4
a6 9. a4 a5 10. b5 Nb4 11. Ba3 Bf5 12. d3 e4 13. Nh4 exd3 14. Nxf5 dxe2 15.
Nxe2 gxf5 16. Nd4 Rb8 17. Nxf5 Re8 18. Bb2 h6 19. Qd2 Kh7 20. Rfe1 Re6 21. Nxg7
Kxg7 22. Bh3 Rxe1+ 23. Rxe1 1-0

[Event "Hastings Challengers 1988/89"]
[Site "Hastings"]
[Date "1988.12.28"]
[Round "1"]
[White "Hebden, Mark L"]
[Black "Wilde, Pierre"]
[Result "1-0"]
[WhiteElo "2460"]
[BlackElo "2300"]
[PlyCount "73"]
[EventDate "1988.12.28"]
[EventType "swiss"]
[EventRounds "10"]
[EventCountry "ENG"]
[SourceTitle "BritBase"]
[Source "John Saunders"]
[SourceDate "2023.05.21"]
[SourceVersion "1"]
[SourceVersionDate "2023.05.21"]
[SourceQuality "1"]

1. e4 c6 2. d4 d5 3. exd5 cxd5 4. c4 Nf6 5. Nc3 e6 6. Nf3 Be7 7. cxd5 Nxd5 8.
Bd3 Nc6 9. O-O O-O 10. Re1 Ncb4 11. Bb1 Nf6 12. Ne5 Bd7 13. a3 Nbd5 14. Qd3 g6
15. Bh6 Re8 16. Qf3 Bc6 17. Be4 Rc8 18. h4 Nxc3 19. Bxc6 bxc6 20. bxc3 Qc7 21.
Bg5 Kg7 22. h5 h6 23. Bxh6+ Kxh6 24. Nxf7+ Kg7 25. Ng5 Bd6 26. Rxe6 Bf4 27. Qd3
Bxg5 28. Qxg6+ Kh8 29. Rxe8+ Rxe8 30. Qxg5 Qf7 31. Qf5 Kg7 32. Rb1 Re7 33. Qg5+
Kh7 34. Qf5+ Kg7 35. g4 Qd5 36. Qg6+ Kh8 37. Qxf6+ 1-0

[Event "Hastings Challengers 1988/89"]
[Site "Hastings"]
[Date "1988.12.28"]
[Round "1"]
[White "Lalic, Susan Kathryn"]
[Black "Flear, Glenn C"]
[Result "1-0"]
[WhiteElo "2355"]
[BlackElo "2470"]
[PlyCount "71"]
[EventDate "1988.12.28"]
[EventType "swiss"]
[EventRounds "10"]
[EventCountry "ENG"]
[SourceTitle "BritBase"]
[Source "John Saunders"]
[SourceDate "2023.05.21"]
[SourceVersion "1"]
[SourceVersionDate "2023.05.21"]
[SourceQuality "1"]

1. e4 e5 2. Nf3 Nc6 3. d4 exd4 4. Nxd4 g6 5. Nc3 Bg7 6. Be3 d6 7. Be2 Nf6 8.
Nxc6 bxc6 9. e5 dxe5 10. Qxd8+ Kxd8 11. O-O-O+ Ke8 12. Bf3 Bd7 13. Rhe1 Kf8 14.
Bc5+ Kg8 15. Rxe5 h5 16. Be7 Rb8 17. Rc5 Nd5 18. Bxd5 cxd5 19. Rxc7 Be6 20. Bc5
Be5 21. Rxa7 Bxh2 22. Nxd5 h4 23. Nf6+ Kg7 24. Bd4 Kh6 25. Be3+ Kg7 26. Nd7 Ra8
27. Rxa8 Rxa8 28. a3 f6 29. Nc5 Bf5 30. Rh1 Be5 31. Rxh4 Rb8 32. Rb4 Rc8 33. g4
Bd6 34. gxf5 Bxc5 35. Rb7+ Kg8 36. fxg6 1-0

[Event "Hastings Challengers 1988/89"]
[Site "Hastings"]
[Date "1988.12.28"]
[Round "1"]
[White "Lewis, Andrew P"]
[Black "Suba, Mihai"]
[Result "0-1"]
[WhiteElo "2285"]
[BlackElo "2535"]
[PlyCount "136"]
[EventDate "1988.12.28"]
[EventType "swiss"]
[EventRounds "10"]
[EventCountry "ENG"]
[SourceTitle "BritBase"]
[Source "John Saunders"]
[SourceDate "2023.05.21"]
[SourceVersion "1"]
[SourceVersionDate "2023.05.21"]
[SourceQuality "1"]

1. c4 e5 2. g3 Nf6 3. Bg2 d5 4. cxd5 Nxd5 5. Nc3 Nb6 6. Nf3 Nc6 7. O-O Be7 8.
a4 a5 9. d3 Be6 10. Nb5 O-O 11. Be3 Nd5 12. Qc1 Re8 13. Bc5 Bf6 14. Rd1 Bg4 15.
h3 Bh5 16. e4 Ndb4 17. g4 Bg6 18. d4 exd4 19. Nfxd4 Bxd4 20. Nxd4 Nxd4 21. Rxd4
Qf6 22. f4 Nc6 23. Rc4 h6 24. Bf2 Rad8 25. f5 Bh7 26. Qc3 Qxc3 27. bxc3 Rd7 28.
Rb1 Ne5 29. Rd4 b6 30. Rbd1 Rde7 31. Bg3 Kf8 32. Kf2 f6 33. Bf1 Bg8 34. Bb5 c6
35. Be2 c5 36. Rd6 Bc4 37. Bxe5 Bxe2 38. Kxe2 Rxe5 39. Rxb6 Rxe4+ 40. Kf1 Rxa4
41. Rb7 Rae4 42. Ra7 h5 43. Rdd7 R4e7 44. Rxe7 Rxe7 45. Rxa5 Re3 46. Rxc5 Rxh3
47. gxh5 Rxh5 48. Ke2 g5 49. Rc6 Ke7 50. Re6+ Kf7 51. Re4 Rh2+ 52. Ke1 Rh3 53.
Rc4 Rf3 54. Rc7+ Ke8 55. Rc5 Ke7 56. Ke2 Kd6 57. Kxf3 Kxc5 58. Kg4 Kd5 59. Kh5
Kc4 60. Kg6 g4 61. Kxf6 g3 62. Ke7 g2 63. f6 g1=Q 64. f7 Qg5+ 65. Ke8 Qe5+ 66.
Kd7 Qf6 67. Ke8 Qe6+ 68. Kf8 Kd5 0-1

[Event "Hastings Challengers 1988/89"]
[Site "Hastings"]
[Date "1988.12.28"]
[Round "1"]
[White "Polgar, Judit"]
[Black "Wood, David A"]
[Result "1-0"]
[WhiteElo "2365"]
[BlackElo "2255"]
[PlyCount "69"]
[EventDate "1988.12.28"]
[EventType "swiss"]
[EventRounds "10"]
[EventCountry "ENG"]
[SourceTitle "BritBase"]
[Source "John Saunders"]
[SourceDate "2023.05.21"]
[SourceVersion "1"]
[SourceVersionDate "2023.05.21"]
[SourceQuality "1"]

1. e4 e6 2. d4 d5 3. Nc3 Bb4 4. Nge2 dxe4 5. a3 Bxc3+ 6. Nxc3 Nc6 7. Bb5 Nge7
8. Bg5 f6 9. Be3 O-O 10. Qd2 f5 11. O-O-O a6 12. Bxc6 Nxc6 13. f3 exf3 14. gxf3
e5 15. d5 Nd4 16. Bxd4 exd4 17. Qxd4 Qd6 18. Rhg1 Rf7 19. Rg5 Bd7 20. Rdg1 Qh6
21. Kb1 Re8 22. f4 Rfe7 23. Ka2 Rf8 24. Nb1 Qf6 25. Qb4 b6 26. Nd2 Rff7 27. Nf3
Re4 28. Qd2 Rfe7 29. Ne5 Bb5 30. Kb1 R4xe5 31. fxe5 Qxe5 32. Rd1 h6 33. Rgg1
Qf6 34. Qf4 Re4 35. Qxc7 1-0

[Event "Hastings Challengers 1988/89"]
[Site "Hastings"]
[Date "1988.12.28"]
[Round "1"]
[White "Sorensen, Jan"]
[Black "Martin, Andrew D"]
[Result "1-0"]
[WhiteElo "2275"]
[BlackElo "2430"]
[PlyCount "68"]
[EventDate "1988.12.28"]
[EventType "swiss"]
[EventRounds "10"]
[EventCountry "ENG"]
[SourceTitle "BritBase"]
[Source "John Saunders"]
[SourceDate "2023.05.21"]
[SourceVersion "1"]
[SourceVersionDate "2023.05.21"]
[SourceQuality "1"]

1. e4 c5 2. Nf3 e6 3. d4 cxd4 4. Nxd4 a6 5. Nc3 Qc7 6. Bd3 Nc6 7. Nxc6 bxc6 8.
O-O Nf6 9. Qe2 d5 10. Bg5 Bb7 11. e5 Nd7 12. f4 g6 13. f5 gxf5 14. Bxf5 Be7 15.
Bxe7 Kxe7 16. Bh3 Raf8 17. Rae1 h5 18. Qd2 Rfg8 19. Qf4 Rg7 20. Ne2 h4 21. Nd4
c5 22. Nf3 d4 23. c3 dxc3 24. bxc3 Bxf3 25. Qxf3 Rh6 26. Rb1 Nxe5 27. Qe4 Nc6
28. Rb2 Rg5 29. Rfb1 Re5 30. Qg4 Na5 31. Rb8 c4 32. Qg8 Rg6 33. Qe8+ Kf6 34.
Rf1+ Kg5 1-0

[Event "Hastings Challengers 1988/89"]
[Site "Hastings"]
[Date "1988.12.29"]
[Round "2"]
[White "Dunnington, Angus J"]
[Black "Arkell, Keith C"]
[Result "0-1"]
[WhiteElo "2280"]
[BlackElo "2430"]
[PlyCount "82"]
[EventDate "1988.12.28"]
[EventType "swiss"]
[EventRounds "10"]
[EventCountry "ENG"]
[SourceTitle "BritBase"]
[Source "John Saunders"]
[SourceDate "2023.05.21"]
[SourceVersion "1"]
[SourceVersionDate "2023.05.21"]
[SourceQuality "1"]

1. Nf3 Nf6 2. g3 b5 3. Bg2 Bb7 4. O-O e6 5. d4 c5 6. c3 Be7 7. a4 b4 8. Bg5 O-O
9. Nbd2 Na6 10. cxb4 Nxb4 11. dxc5 Bxc5 12. Nb3 Be7 13. Ne5 Bxg2 14. Kxg2 d6
15. Nf3 Rb8 16. Nbd4 Qb6 17. Nb5 a6 18. Nc3 h6 19. a5 Qc6 20. Bd2 Rfc8 21. Kg1
Qb7 22. Na4 Bd8 23. Nb6 Bxb6 24. axb6 Qxb6 25. Ra4 Nc6 26. Bc3 Nd5 27. Qd3 Nxc3
28. bxc3 Na5 29. Rfa1 Nb3 30. Rb1 Qc7 31. Rb4 Nc5 32. Qc4 a5 33. Rxb8 Rxb8 34.
Rxb8+ Qxb8 35. Nd4 Qb1+ 36. Kg2 a4 37. Nb5 Qd1 38. f3 Kf8 39. Kf2 Qd2 40. Qh4
Nd3+ 41. Kg2 Qxe2+ 0-1

[Event "Hastings Challengers 1988/89"]
[Site "Hastings"]
[Date "1988.12.29"]
[Round "2"]
[White "McDonald, Neil R"]
[Black "Gufeld, Eduard"]
[Result "1-0"]
[WhiteElo "2360"]
[BlackElo "2510"]
[PlyCount "73"]
[EventDate "1988.12.28"]
[EventType "swiss"]
[EventRounds "10"]
[EventCountry "ENG"]
[SourceTitle "BritBase"]
[Source "John Saunders"]
[SourceDate "2023.05.21"]
[SourceVersion "1"]
[SourceVersionDate "2023.05.21"]
[SourceQuality "1"]

1. e4 c5 2. Nf3 Nc6 3. d4 cxd4 4. Nxd4 Nf6 5. Nc3 d6 6. Bg5 Qb6 7. Nb3 e6 8.
Qd2 Be7 9. Be3 Qc7 10. f3 O-O 11. g4 a6 12. g5 Nd7 13. h4 b5 14. a3 Nde5 15.
Be2 Rb8 16. h5 b4 17. axb4 Nxb4 18. Nd4 d5 19. f4 Nc4 20. Bxc4 dxc4 21. g6 fxg6
22. h6 gxh6 23. Rxh6 e5 24. fxe5 Qxe5 25. O-O-O Rf7 26. Qg2 Bf8 27. Rh4 Qa5 28.
Qh2 Rbb7 29. Rg1 Qb6 30. e5 Na2+ 31. Nxa2 Qxb2+ 32. Kd2 Qxa2 33. Rxg6+ Rg7 34.
Rxh7 c3+ 35. Kd3 Rxg6 36. Rh8+ Kf7 37. Qf2+ 1-0

[Event "Hastings Challengers 1988/89"]
[Site "Hastings"]
[Date "1988.12.29"]
[Round "2"]
[White "Plaskett, H James"]
[Black "Lima, Darcy"]
[Result "1/2-1/2"]
[WhiteElo "2450"]
[BlackElo "2345"]
[PlyCount "101"]
[EventDate "1988.12.28"]
[EventType "swiss"]
[EventRounds "10"]
[EventCountry "ENG"]
[SourceTitle "BritBase"]
[Source "John Saunders"]
[SourceDate "2023.05.21"]
[SourceVersion "1"]
[SourceVersionDate "2023.05.21"]
[SourceQuality "1"]

1. c4 e6 2. Nf3 d5 3. b3 Nf6 4. Bb2 b6 5. g3 Be7 6. Bg2 O-O 7. O-O Bb7 8. e3
Nbd7 9. Qe2 a5 10. Nc3 Nc5 11. Rad1 a4 12. d4 Nce4 13. Nxa4 dxc4 14. Qxc4 Ba6
15. Qc2 Bxf1 16. Bxf1 Qd5 17. Bg2 Qh5 18. Ne5 b5 19. Bf3 Qh3 20. Nc3 Nxc3 21.
Bxc3 Ra6 22. Qe2 Nd5 23. Be1 Ra3 24. Rc1 Rfa8 25. Rc2 b4 26. Bh5 g6 27. Bg4 Qh6
28. e4 Nc3 29. Bxc3 bxc3 30. Qf3 Qf8 31. Rxc3 Bd6 32. Nd7 Qd8 33. Nf6+ Kg7 34.
e5 Be7 35. d5 Bxf6 36. exf6+ Qxf6 37. dxe6 Qxf3 38. Bxf3 Re8 39. exf7 Kxf7 40.
Rxc7+ Re7 41. Bd5+ Kf6 42. Rc2 Rd7 43. Bc6 Rd1+ 44. Kg2 Ra1 45. Ba4 R3xa2 46.
Rc7 Rb2 47. Rxh7 Raa2 48. h4 Rxf2+ 49. Kh3 Rae2 50. Bb5 Re7 51. Rxe7 1/2-1/2

[Event "Hastings Challengers 1988/89"]
[Site "Hastings"]
[Date "1988.12.29"]
[Round "2"]
[White "Sadler, Matthew D"]
[Black "Flear, Christine"]
[Result "1-0"]
[WhiteElo "2385"]
[BlackElo "2155"]
[PlyCount "71"]
[EventDate "1988.12.28"]
[EventType "swiss"]
[EventRounds "10"]
[EventCountry "ENG"]
[SourceTitle "BritBase"]
[Source "John Saunders"]
[SourceDate "2023.05.21"]
[SourceVersion "1"]
[SourceVersionDate "2023.05.21"]
[SourceQuality "1"]

1. d4 d5 2. c4 e6 3. Nc3 Nf6 4. cxd5 exd5 5. Bg5 Be7 6. e3 c6 7. Bd3 O-O 8. Qc2
Nbd7 9. Nge2 Re8 10. f3 Nf8 11. O-O Nh5 12. Bxe7 Qxe7 13. e4 Be6 14. Rae1 g6
15. Qd2 Qd6 16. e5 Qe7 17. g4 Ng7 18. Ng3 Qh4 19. Nce2 Bd7 20. Kg2 Nfe6 21. h3
c5 22. Qd1 cxd4 23. f4 h5 24. f5 Ng5 25. Nf4 gxf5 26. gxf5 Ne4 27. Bxe4 dxe4
28. e6 fxe6 29. f6 Nf5 30. Nxf5 exf5 31. Qb3+ Be6 32. Nxe6 Kh8 33. f7 Rg8+ 34.
fxg8=Q+ Rxg8+ 35. Kh2 e3 36. Nf4 1-0

[Event "Hastings Challengers 1988/89"]
[Site "Hastings"]
[Date "1988.12.30"]
[Round "3"]
[White "Akhsharumova, Anna M"]
[Black "Suba, Mihai"]
[Result "1/2-1/2"]
[WhiteElo "2400"]
[BlackElo "2535"]
[PlyCount "148"]
[EventDate "1988.12.28"]
[EventType "swiss"]
[EventRounds "10"]
[EventCountry "ENG"]
[SourceTitle "BritBase"]
[Source "John Saunders"]
[SourceDate "2023.05.21"]
[SourceVersion "1"]
[SourceVersionDate "2023.05.21"]
[SourceQuality "1"]

1. d4 Nf6 2. c4 e6 3. Nc3 Bb4 4. Qc2 O-O 5. a3 Bxc3+ 6. Qxc3 b6 7. e3 Bb7 8. b3
d6 9. f3 c5 10. Bb2 Qe7 11. Nh3 cxd4 12. Qxd4 e5 13. Qh4 Nbd7 14. e4 Rfc8 15.
Qf2 Nc5 16. Qe3 b5 17. Rd1 a5 18. Be2 bxc4 19. Bxc4 a4 20. b4 Ne6 21. Bd3 d5
22. exd5 Nxd5 23. Qxe5 Qh4+ 24. Nf2 Re8 25. Be4 Ne3 26. Bxb7 Nxd1 27. O-O Nxb2
28. Bxa8 Nc4 29. Qe4 Qxe4 30. Bxe4 Nd4 31. Ra1 g6 32. h4 Kg7 33. Kh2 f5 34. Bd3
Ne5 35. Rd1 Rc8 36. f4 Nf7 37. Bb1 Nb5 38. Rd7 Kf6 39. Ba2 Nfd6 40. Nd3 Rc2 41.
Bg8 Rc7 42. Rxc7 Nxc7 43. Nc5 Ncb5 44. Nxa4 h6 45. Bd5 g5 46. hxg5+ hxg5 47.
fxg5+ Kxg5 48. Kg3 f4+ 49. Kf2 Kf5 50. Nc5 Nxa3 51. Nd3 Nc2 52. Ke2 Ne4 53. Ba8
Nd4+ 54. Kd1 Ng5 55. Ne1 Ne4 56. Nc2 Nb5 57. Ke2 Ke5 58. Kd3 Nbd6 59. Bc6 Nf2+
60. Ke2 Ng4 61. Bf3 Nf6 62. Kd3 Nd5 63. Bxd5 Kxd5 64. Ke2 Ke4 65. Ne1 Nf5 66.
Nd3 Nd4+ 67. Kd2 Nb5 68. Nf2+ Kd4 69. Ke2 Nc3+ 70. Kf3 Nd5 71. Nh3 Nxb4 72.
Nxf4 Ke5 73. Kg4 Kf6 74. Kh5 Nc6 1/2-1/2

[Event "Hastings Challengers 1988/89"]
[Site "Hastings"]
[Date "1988.12.30"]
[Round "3"]
[White "Arkell, Keith C"]
[Black "McDonald, Neil R"]
[Result "1/2-1/2"]
[WhiteElo "2430"]
[BlackElo "2360"]
[PlyCount "105"]
[EventDate "1988.12.28"]
[EventType "swiss"]
[EventRounds "10"]
[EventCountry "ENG"]
[SourceTitle "BritBase"]
[Source "John Saunders"]
[SourceDate "2023.05.21"]
[SourceVersion "1"]
[SourceVersionDate "2023.05.21"]
[SourceQuality "1"]

1. d4 Nf6 2. Nf3 g6 3. c4 Bg7 4. Nc3 d6 5. g3 O-O 6. Bg2 Nbd7 7. O-O e5 8. Qc2
c6 9. Rd1 Qc7 10. b3 Re8 11. e3 exd4 12. Nxd4 Nc5 13. h3 h5 14. Bb2 Qe7 15. b4
Ne6 16. Nf3 Nc7 17. b5 c5 18. Ng5 Bf5 19. Qb3 Nd7 20. Nge4 Be5 21. f4 Bg7 22.
Rxd6 Nb6 23. Rad1 Rad8 24. Rxd8 Rxd8 25. Rxd8+ Qxd8 26. Nd1 Nxc4 27. Bxg7 Bxe4
28. Bxe4 Kxg7 29. Qc3+ Kg8 30. Nf2 Nd6 31. Qxc5 b6 32. Qe5 Ncxb5 33. f5 Nxe4
34. Nxe4 Qd1+ 35. Kf2 Qc2+ 36. Kf3 Qc6 37. Kf4 Nc7 38. Kg5 gxf5 39. Nf6+ Kf8
40. Nh7+ Kg8 41. Nf6+ Kf8 42. Kxh5 Ne6 43. Nh7+ Ke8 44. Ng5 Qc7 45. Qf6 Nxg5
46. Qxg5 Qe5 47. Qf4 Qh8+ 48. Kg5 Qg7+ 49. Kxf5 Qg6+ 50. Ke5 Qe6+ 51. Kd4 Qxa2
52. Qe5+ Kf8 53. Qh8+ 1/2-1/2

[Event "Hastings Challengers 1988/89"]
[Site "Hastings"]
[Date "1988.12.30"]
[Round "3"]
[White "Dlaykan, Fernando"]
[Black "Wells, Peter K"]
[Result "1-0"]
[WhiteElo "2205"]
[BlackElo "2410"]
[PlyCount "69"]
[EventDate "1988.12.28"]
[EventType "swiss"]
[EventRounds "10"]
[EventCountry "ENG"]
[SourceTitle "BritBase"]
[Source "John Saunders"]
[SourceDate "2023.05.21"]
[SourceVersion "1"]
[SourceVersionDate "2023.05.21"]
[SourceQuality "1"]

1. e4 c6 2. d4 d5 3. Nd2 dxe4 4. Nxe4 Nd7 5. Nf3 Ngf6 6. Ng3 e6 7. Bd3 c5 8.
O-O cxd4 9. Nxd4 Bc5 10. Nb3 Be7 11. Qe2 O-O 12. Bd2 b6 13. a4 a6 14. c4 a5 15.
Rfd1 Bb7 16. Bf4 Re8 17. Ne4 Qc8 18. Nd6 Bxd6 19. Bxd6 Qc6 20. f3 e5 21. c5
bxc5 22. Bb5 Qb6 23. Qf2 Rac8 24. Rac1 e4 25. Nxc5 e3 26. Qe2 Nxc5 27. Bxe8 Ne6
28. Rxc8 Bxc8 29. Bb5 Bb7 30. Kf1 Nd5 31. Be5 f6 32. Bc4 Qc5 33. Bg3 h5 34. Bf2
exf2 35. Qxe6+ 1-0

[Event "Hastings Challengers 1988/89"]
[Site "Hastings"]
[Date "1988.12.30"]
[Round "3"]
[White "Linker, Torsten"]
[Black "Plaskett, H James"]
[Result "0-1"]
[WhiteElo "2365"]
[BlackElo "2450"]
[PlyCount "68"]
[EventDate "1988.12.28"]
[EventType "swiss"]
[EventRounds "10"]
[EventCountry "ENG"]
[SourceTitle "BritBase"]
[Source "John Saunders"]
[SourceDate "2023.05.21"]
[SourceVersion "1"]
[SourceVersionDate "2023.05.21"]
[SourceQuality "1"]

1. e4 c5 2. c3 d6 3. d4 Nf6 4. Bd3 g6 5. Ne2 Bg7 6. f3 O-O 7. Be3 Nc6 8. Nd2 b6
9. Nf1 Bb7 10. Qd2 Re8 11. g4 cxd4 12. cxd4 e5 13. d5 Nd4 14. Bxd4 exd4 15.
O-O-O Nxd5 16. Bb5 Rc8+ 17. Kb1 Nc3+ 18. bxc3 dxc3 19. Qc2 Re5 20. Ba4 b5 21.
Bb3 Qb6 22. Nf4 a5 23. Bd5 Ba6 24. Ng3 a4 25. Ka1 b4 26. Rb1 Qa5 27. Rhd1 b3
28. Bxb3 axb3 29. Rxb3 Bc4 30. Rdb1 Qxa2+ 31. Qxa2 c2 32. R3b2 Bxa2 33. Kxa2
Rb5 34. e5 Ra8# 0-1

[Event "Hastings Challengers 1988/89"]
[Site "Hastings"]
[Date "1988.12.30"]
[Round "3"]
[White "McNab, Colin Anderson"]
[Black "Boudre, Jean Pierre"]
[Result "1/2-1/2"]
[WhiteElo "2410"]
[BlackElo "2355"]
[PlyCount "124"]
[EventDate "1988.12.28"]
[EventType "swiss"]
[EventRounds "10"]
[EventCountry "ENG"]
[SourceTitle "BritBase"]
[Source "John Saunders"]
[SourceDate "2023.05.21"]
[SourceVersion "1"]
[SourceVersionDate "2023.05.21"]
[SourceQuality "1"]

1. c4 e6 2. Nf3 Nf6 3. g3 a6 4. Nc3 d5 5. cxd5 exd5 6. d4 Be7 7. Bg2 O-O 8. O-O
c6 9. Qd3 Nbd7 10. h3 Bd6 11. Nh4 Re8 12. Nf5 Bc7 13. Bg5 Nf8 14. Qf3 Bxf5 15.
Qxf5 Qd7 16. Qf3 Ne4 17. Nxe4 dxe4 18. Qb3 Qd5 19. Qxd5 cxd5 20. Bd2 Rac8 21.
Rfc1 Ne6 22. e3 Bd6 23. h4 f5 24. a4 Kf7 25. Bf1 Ke7 26. b4 Rxc1 27. Rxc1 Ra8
28. Kg2 Kd7 29. f3 g5 30. fxe4 fxe4 31. h5 h6 32. Be2 Nc7 33. Rf1 Ke7 34. Kh3
b5 35. Ra1 Rf8 36. Be1 Kd7 37. axb5 axb5 38. Kg2 Kc6 39. Bg4 Ra8 40. Rc1+ Kb6
41. Bd7 Bf8 42. Rc6+ Kb7 43. Rf6 Rd8 44. Rf7 Kb6 45. Kh3 Bd6 46. Kg4 Rf8 47.
Rxf8 Bxf8 48. Bc8 Ne8 49. Be6 Kc6 50. Kf5 Ng7+ 51. Kf6 Nxh5+ 52. Kg6 Nxg3 53.
Bxg3 Bxb4 54. Bg4 Bd2 55. Bf2 b4 56. Bd1 g4 57. Ba4+ Kb6 58. Kf5 g3 59. Bxg3
Bxe3 60. Ke5 Bd2 61. Kxd5 e3 62. Bd1 b3 1/2-1/2

[Event "Hastings Challengers 1988/89"]
[Site "Hastings"]
[Date "1988.12.30"]
[Round "3"]
[White "Parmentier, Xavier"]
[Black "Lane, Gary William"]
[Result "1-0"]
[WhiteElo "2235"]
[BlackElo "2410"]
[PlyCount "65"]
[EventDate "1988.12.28"]
[EventType "swiss"]
[EventRounds "10"]
[EventCountry "ENG"]
[SourceTitle "BritBase"]
[Source "John Saunders"]
[SourceDate "2023.05.21"]
[SourceVersion "1"]
[SourceVersionDate "2023.05.21"]
[SourceQuality "1"]

1. Nf3 Nf6 2. c4 g6 3. Nc3 Bg7 4. g3 O-O 5. Bg2 d6 6. O-O Nc6 7. Rb1 e5 8. b4
a6 9. a4 Be6 10. b5 axb5 11. axb5 Na5 12. d3 h6 13. h3 Nd7 14. Nd2 f5 15. Nb3
Nxb3 16. Qxb3 f4 17. Ne4 g5 18. Ba3 h5 19. b6 cxb6 20. Bxd6 Rf7 21. Ra1 Rxa1
22. Rxa1 g4 23. Qa3 Nf8 24. hxg4 Bxg4 25. Qa8 Qd7 26. Ra2 fxg3 27. fxg3 Qf5 28.
Qd8 Bh6 29. Qxb6 h4 30. Bc5 hxg3 31. Nd6 Qg5 32. Nxf7 Qc1+ 33. Bf1 1-0

[Event "Hastings Challengers 1988/89"]
[Site "Hastings"]
[Date "1989.01.01"]
[Round "4"]
[White "Britton, Richard"]
[Black "Hebden, Mark L"]
[Result "0-1"]
[WhiteElo "2260"]
[BlackElo "2460"]
[PlyCount "72"]
[EventDate "1988.12.28"]
[EventType "swiss"]
[EventRounds "10"]
[EventCountry "ENG"]
[SourceTitle "BritBase"]
[Source "John Saunders"]
[SourceDate "2023.05.21"]
[SourceVersion "1"]
[SourceVersionDate "2023.05.21"]
[SourceQuality "1"]

1. Nf3 Nf6 2. g3 g6 3. Bg2 Bg7 4. O-O O-O 5. d3 d5 6. Nbd2 Nc6 7. c3 a5 8. d4
a4 9. Re1 Bf5 10. Nf1 Re8 11. Bf4 Nh5 12. Ne5 Nxe5 13. dxe5 c6 14. e3 Be6 15.
Bf3 Nxf4 16. gxf4 f6 17. exf6 Bxf6 18. Ng3 a3 19. Qc2 axb2 20. Qxb2 Qc7 21.
Red1 Bf7 22. Bg4 Ra4 23. Ne2 e5 24. h3 exf4 25. Nxf4 Re7 26. Rac1 b5 27. Nd3 h5
28. Bf3 Rh4 29. Bg2 g5 30. Nb4 g4 31. hxg4 Qh2+ 32. Kf1 Rxg4 33. f3 Rg6 34.
Nxc6 Rxe3 35. Qf2 Bh4 36. Qd2 Rxf3+ 0-1

[Event "Hastings Challengers 1988/89"]
[Site "Hastings"]
[Date "1989.01.01"]
[Round "4"]
[White "Finegold, Benjamin"]
[Black "Dlaykan, Fernando"]
[Result "0-1"]
[WhiteElo "2355"]
[BlackElo "2205"]
[PlyCount "74"]
[EventDate "1988.12.28"]
[EventType "swiss"]
[EventRounds "10"]
[EventCountry "ENG"]
[SourceTitle "BritBase"]
[Source "John Saunders"]
[SourceDate "2023.05.21"]
[SourceVersion "1"]
[SourceVersionDate "2023.05.21"]
[SourceQuality "1"]

1. d4 d5 2. c4 dxc4 3. e3 Nf6 4. Bxc4 e6 5. Nf3 c5 6. O-O Nc6 7. Qe2 cxd4 8.
Rd1 a6 9. exd4 Be7 10. Nc3 Nb4 11. Bg5 Nfd5 12. Bxe7 Qxe7 13. Rac1 b5 14. Bxd5
Nxd5 15. Nxd5 exd5 16. Qxe7+ Kxe7 17. Rc7+ Kf6 18. Ne5 Be6 19. Rdc1 Rhc8 20.
Nd3 Rxc7 21. Rxc7 Bf5 22. Rc6+ Kg5 23. Nb4 Re8 24. f3 Re2 25. Nxd5 Rxb2 26. Rc5
Rxa2 27. f4+ Kh6 28. Ne3 g6 29. Nxf5+ gxf5 30. Rxf5 b4 31. Rf6+ Kg7 32. Rb6 a5
33. d5 Rd2 34. d6 Kf6 35. f5 Kxf5 36. Rb5+ Ke6 37. Rxa5 b3 0-1

[Event "Hastings Challengers 1988/89"]
[Site "Hastings"]
[Date "1989.01.01"]
[Round "4"]
[White "Lima, Darcy"]
[Black "Arkell, Keith C"]
[Result "1-0"]
[WhiteElo "2345"]
[BlackElo "2430"]
[PlyCount "71"]
[EventDate "1988.12.28"]
[EventType "swiss"]
[EventRounds "10"]
[EventCountry "ENG"]
[SourceTitle "BritBase"]
[Source "John Saunders"]
[SourceDate "2023.05.21"]
[SourceVersion "1"]
[SourceVersionDate "2023.05.21"]
[SourceQuality "1"]

1. d4 Nf6 2. c4 e6 3. g3 c5 4. Nf3 cxd4 5. Nxd4 Nc6 6. Bg2 Bb4+ 7. Nc3 Qa5 8.
O-O Bxc3 9. bxc3 O-O 10. Qb3 d5 11. Rd1 Bd7 12. cxd5 exd5 13. Qa3 Rfe8 14. Nxc6
Qxa3 15. Bxa3 Bxc6 16. e3 Ne4 17. Rac1 Red8 18. Rd4 f5 19. f3 Ng5 20. Rcd1 Ne6
21. R4d3 b5 22. f4 Nc7 23. e4 fxe4 24. Bxe4 a5 25. Bf3 b4 26. cxb4 axb4 27.
Bxb4 Bb5 28. Re3 Bc4 29. a3 Re8 30. Rxe8+ Rxe8 31. Ba5 Nb5 32. a4 Na3 33. Bb6
Bb3 34. Rd3 Re1+ 35. Kf2 Rb1 36. Rxb3 1-0